| 000 | 00653nam a22002173 4500 | ||
|---|---|---|---|
| 001 | 20934 | ||
| 003 | BD-RjUL | ||
| 005 | 20211209000629.0 | ||
| 008 | 140302s1964 enk 000 1 eng d | ||
| 035 |
_aOCLC pks04021672 from D961218K _a(BD-RjUL)20996 |
||
| 040 |
_aEQO _cEQO _beng _dBD-RjUL |
||
| 041 | _aeng | ||
| 082 |
_a823.1 _bSEP 1964 |
||
| 100 | 1 |
_aSearls, Henry Hunt. _964676 |
|
| 245 | 1 | 4 |
_aThe pilgrim project : a novel / _cby Hank Searls. |
| 250 | _a1st Brit. ed. | ||
| 260 |
_aLondon ; _aNewYork : _c1964. _bMcGraw-Hill Book Company, |
||
| 300 |
_a221 p. ; _c19 cm. |
||
| 650 |
_aSpace flight to the moon Fiction _964677 |
||
| 942 |
_2ddc _cBK |
||
| 999 |
_c20934 _d20934 |
||